Vývoj medzinárodného menového systému bakalárska práca

Gespeichert in:
Bibliographische Detailangaben
1. Verfasser: Medveď, Jozef
Körperschaft: Národohospodárska fakulta EU. Katedra bankovníctva a medzinárodných financií
Weitere Verfasser: Nemec, Marián
Format: Buch
Sprache:Slowakisch
Veröffentlicht: Bratislava 2018
Tags: Tag hinzufügen
Keine Tags, Fügen Sie das erste Tag hinzu!

MARC

LEADER 00000nbm a2200000 4500
001 0245846
005 20220726104858.7
041 0 |a slo 
044 |a SK 
245 1 0 |a Vývoj medzinárodného menového systému  |b bakalárska práca  |c Jozef Medveď ; školiteľ: Marián Nemec 
264 1 |a Bratislava  |c 2018 
300 |a 46 s. 
100 1 |a Medveď, Jozef 
700 1 |a Nemec, Marián 
710 2 |a Národohospodárska fakulta EU. Katedra bankovníctva a medzinárodných financií